Finish the Rupaul's Drag Race Quote from Season 4 Quiz Stats

 Plays Quiz not verified by Sporcle

Challenge
Share
Tweet
Score 0/15 Timer 10:00
0 Plays Today
% Correct
Run
86.6%
Last
86.5%
Fishy
83%
Rupaul's Best Friend Race
80.4%
Jiggly
79.1%
Peace
71.3%
Ugly People
69.6%
Jesus is a biscuit
66.3%
% Correct
Heels
63.8%
Freak em out
53.8%
Move
49%
Sweet
48.7%
Category is
41.6%
Meth
37.5%
Perfect
29.7%

You're not logged in!

Compare scores with friends on all Sporcle quizzes.
OR
Log In

You Might Also Like...

Show Comments

Extras

Top Quizzes Today


Score Distribution

Your Account Isn't Verified!

In order to create a playlist on Sporcle, you need to verify the email address you used during registration. Go to your Sporcle Settings to finish the process.

Report this User

Report this user for behavior that violates our Community Guidelines.

Details: